[Event "Goldener Springer"]
[Site "FrankfurtIMain"]
[Date "2018.??.??"]
[Round "2.6"]
[White "Pishanidar, Borzou"]
[Black "Schupp, Tobias"]
[Result "1-0"]
[WhiteElo "1860"]
[BlackElo "2157"]
[PlyCount "151"]
[EventDate "2018.??.??"]
[WhiteTeam "SV Andernach"]
[BlackTeam "SK Niederbrechen"]

1. d4 Nf6 2. c4 g6 3. Nc3 Bg7 4. Nf3 d5 5. e3 c6 6. Bd3 O-O 7. O-O Nbd7 8. b3
Re8 9. Bb2 e5 10. dxe5 Ng4 11. cxd5 Ndxe5 12. Be2 cxd5 13. h3 Nf6 14. Nxe5 Rxe5
15. Bf3 Bf5 16. Rc1 Re7 17. Qe2 d4 18. Rfd1 d3 19. Qd2 h5 20. Nb5 Rd7 21. Nd4
Ne4 22. Bxe4 Bxe4 23. f3 Bf5 24. Nxf5 Bxb2 25. Qxb2 gxf5 26. Qc3 Rd6 27. Qc7
Qd7 28. Qxd7 Rxd7 29. Rc5 Kg7 30. Rxf5 Rc8 31. e4 Rc2 32. Rd5 Rdc7 33. R5xd3
Rxa2 34. R3d2 Ra3 35. Rb2 Rc3 36. b4 Kg6 37. Rd6+ Kg5 38. Rd7 Ra1+ 39. Kh2 Rcc1
40. Rd5+ Kg6 41. Kg3 Rc4 42. Kh4 Ra4 43. b5 f5 44. Rd6+ Kf7 45. Kxh5 fxe4 46.
fxe4 Rxe4 47. g4 Ke7 48. Rd3 Ra5 49. Rd5 Ke6 50. Rf5 Ra3 51. h4 Rc3 52. Rg5 Rc8
53. Rg6+ Ke5 54. Rf2 Kd4 55. Rf5 Ke3 56. Kg5 Rcc4 57. Kh5 Rc8 58. Rg7 Re6 59.
Kg5 a6 60. bxa6 bxa6 61. h5 Re4 62. h6 Rcc4 63. Kh5 Rc1 64. g5 Kd4 65. Kg6 Rh1
66. Kf7 Reh4 67. Kg8 Ke4 68. Ra5 Rh5 69. Rxa6 Kf5 70. Rf6+ Ke4 71. Re7+ Kd5 72.
Rg6 Rg1 73. Reg7 Ke5 74. h7 Ra1 75. Rf6 Rah1 76. Rh6 1-0

[Event "Goldener Springer"]
[Site "FrankfurtIMain"]
[Date "2018.??.??"]
[Round "2.7"]
[White "Maam, Tsendjav"]
[Black "Voellinger, Florian"]
[Result "1-0"]
[WhiteElo "1855"]
[BlackElo "1861"]
[PlyCount "77"]
[EventDate "2018.??.??"]
[BlackTeam "SF Dettingen"]

1. e4 d5 2. e5 c5 3. c3 Bf5 4. Nf3 e6 5. Be2 Nd7 6. O-O Ne7 7. d4 Nc6 8. Bf4
Be7 9. Nbd2 O-O 10. h3 Qb6 11. dxc5 Qxb2 12. c4 Ndxe5 13. cxd5 exd5 14. Nb3 Ng6
15. Bc1 Qf6 16. Bg5 Qe6 17. Nfd4 Qd7 18. Be3 Bf6 19. Rc1 Rfe8 20. Nxf5 Qxf5 21.
Bg4 Qe4 22. Bf3 Qa4 23. Qxd5 Qxa2 24. Nd2 Qxd5 25. Bxd5 Nge7 26. Bf3 Nf5 27.
Bf4 Nfd4 28. Rb1 Nxf3+ 29. Nxf3 Nd4 30. Bd6 Nf5 31. Rxb7 a5 32. g4 Nxd6 33.
cxd6 Kf8 34. g5 Bc3 35. Rc1 Bb4 36. Rcc7 Bxd6 37. Rxf7+ Kg8 38. Rxg7+ Kf8 39.
Rbf7# 1-0

[Event "Goldener Springer"]
[Site "FrankfurtIMain"]
[Date "2018.??.??"]
[Round "2.8"]
[White "Rudolph, Peter"]
[Black "Bennedik, Martin"]
[Result "1/2-1/2"]
[WhiteElo "2095"]
[BlackElo "2073"]
[PlyCount "57"]
[EventDate "2018.??.??"]
[WhiteTeam "SK Gießen"]
[BlackTeam "SV Frankfurt Nord"]

1. e4 e5 2. c4 Bc5 3. Nc3 Nc6 4. Nf3 d6 5. d3 a5 6. Be2 Nge7 7. O-O O-O 8. Be3
Bxe3 9. fxe3 f5 10. Nd5 Nb8 11. Nxe7+ Qxe7 12. exf5 Bxf5 13. e4 Bd7 14. Qd2 Nc6
15. h3 b6 16. Rae1 Rf6 17. Nh2 Raf8 18. Rxf6 Rxf6 19. Rf1 Nd4 20. Bd1 Qf8 21.
Qg5 Rxf1+ 22. Nxf1 Ne6 23. Qe3 Nf4 24. Ng3 Qf7 25. Ne2 Qh5 26. Kh2 Qg5 27. Nxf4
Qxf4+ 28. Qxf4 exf4 29. g3 1/2-1/2

[Event "Goldener Springer"]
[Site "FrankfurtIMain"]
[Date "2018.??.??"]
[Round "2.9"]
[White "Stock, Juergen"]
[Black "Sevall, Jacob"]
[Result "0-1"]
[WhiteElo "1938"]
[BlackElo "1979"]
[PlyCount "186"]
[EventDate "2018.??.??"]
[WhiteTeam "Sfr. Kelkheim"]

1. d4 d5 2. Bg5 Nf6 3. Nd2 g6 4. e3 Bg7 5. Bd3 Bf5 6. f4 Bxd3 7. cxd3 c6 8.
Ngf3 Qb6 9. b3 Nbd7 10. O-O O-O 11. Qe2 Rfe8 12. Kh1 Rac8 13. Rac1 c5 14. h3
cxd4 15. Nxd4 Nh5 16. Kh2 Rxc1 17. Rxc1 e5 18. fxe5 Bxe5+ 19. g3 Bxd4 20. Qg4
Ne5 21. Qxd4 Qxd4 22. exd4 Nxd3 23. Rc7 f6 24. Bh6 g5 25. Nf1 Re2+ 26. Kg1 Nf2
27. h4 Nh3+ 28. Kh1 gxh4 29. gxh4 Rxa2 30. Rxb7 Rf2 31. Rxa7 Rxf1+ 32. Kg2 Rg1+
33. Kxh3 Rg3+ 34. Kh2 Rxb3 35. Ra5 Kf7 36. Rxd5 Kg6 37. Bc1 Ng7 38. Rc5 Ne6 39.
h5+ Kf7 40. Rd5 Rc3 41. Bh6 Ke7 42. Ra5 Nxd4 43. Ra7+ Ke6 44. Rxh7 Nf3+ 45. Kg2
Nh4+ 46. Kf2 Rf3+ 47. Ke2 Rh3 48. Bd2 Rh2+ 49. Kd3 Nf3 50. Bc3 Ng5 51. Rh6 Rh3+
52. Kc4 Ne4 53. Bb4 Ng3 54. Bc3 Ne4 55. Bb4 Rh4 56. Kb5 Kf5 57. Be7 Ke6 58. Bd8
Nd6+ 59. Ka6 Ne8 60. Rh7 Nd6 61. Rh6 Ne8 62. Rh7 Nd6 63. Rh6 Ne4 64. Kb6 Rh1
65. Rh8 Kf5 66. Kc6 Kg5 67. Rg8+ Kf5 68. Rh8 Ng5 69. Rf8 Nh7 70. Rf7 Rxh5 71.
Bxf6 Nxf6 72. Kd6 Rh1 73. Ra7 Rd1+ 74. Ke7 Ke5 75. Ra5+ Nd5+ 76. Kd7 Rc1 77.
Ra7 Nb6+ 78. Ke8 Ke6 79. Re7+ Kf6 80. Rf7+ Ke6 81. Re7+ Kd6 82. Re2 Nc4 83. Kf7
Ne5+ 84. Kf6 Rf1+ 85. Kg7 Ke6 86. Rg2 Rf7+ 87. Kg8 Ra7 88. Rg6+ Kf5 89. Rb6 Kg5
90. Rb5 Re7 91. Ra5 Kh6 92. Ra8 Rg7+ 93. Kf8 Ng6+ 0-1

[Event "Goldener Springer"]
[Site "FrankfurtIMain"]
[Date "2018.??.??"]
[Round "2.10"]
[White "Calvi, Stefan"]
[Black "Makilla, Tobias"]
[Result "1-0"]
[WhiteElo "2081"]
[BlackElo "1943"]
[PlyCount "109"]
[EventDate "2018.??.??"]
[WhiteTeam "SF Frankfurt"]
[BlackTeam "SC Hattersheim"]

1. e4 e5 2. Nf3 Nc6 3. d4 exd4 4. Nxd4 Nf6 5. Nc3 Bb4 6. Nxc6 bxc6 7. Bd3 d5 8.
exd5 cxd5 9. O-O O-O 10. h3 c6 11. Qf3 Re8 12. Bg5 h6 13. Bf4 Bd6 14. Ne2 Rb8
15. b3 c5 16. Rad1 Qc7 17. Bxd6 Qxd6 18. Ng3 Be6 19. Nf5 Qc7 20. Nxh6+ Kf8 21.
Ng4 Nxg4 22. hxg4 Qe5 23. Rfe1 Qg5 24. Bf5 Bxf5 25. Qxf5 Qxf5 26. gxf5 d4 27.
f4 f6 28. Kf2 Rb6 29. Kf3 Ra6 30. a4 Rb8 31. Re4 Rc6 32. Rde1 Rc7 33. g4 c4 34.
Rxd4 cxb3 35. cxb3 Rxb3+ 36. Re3 Rb1 37. g5 fxg5 38. fxg5 Rf1+ 39. Kg4 Rg1+ 40.
Rg3 Rxg3+ 41. Kxg3 Rc5 42. Kg4 Ra5 43. Re4 Kf7 44. g6+ Kf8 45. Kg5 Ra6 46. Rc4
Ra5 47. Rc8+ Ke7 48. Rg8 Rxa4 49. Rxg7+ Kf8 50. f6 Ra1 51. Rf7+ Ke8 52. Re7+
Kf8 53. g7+ Kg8 54. Re8+ Kf7 55. g8=Q# 1-0

[Event "Goldener Springer"]
[Site "FrankfurtIMain"]
[Date "2018.??.??"]
[Round "2.11"]
[White "Ostermeier, Thorsten"]
[Black "Meyner, Hannes"]
[Result "0-1"]
[WhiteElo "1964"]
[BlackElo "2178"]
[PlyCount "94"]
[EventDate "2018.??.??"]
[WhiteTeam "SF Frankfurt"]
[BlackTeam "TG Wehlheiden"]

1. d4 Nf6 2. Nf3 d5 3. Bg5 Ne4 4. Bf4 e6 5. e3 Bd6 6. Nbd2 b6 7. Bb5+ c6 8. Bd3
f5 9. Ne5 O-O 10. h4 c5 11. Ndf3 c4 12. Bxe4 fxe4 13. Ng5 Qe8 14. Qg4 c3 15.
bxc3 Nc6 16. Rh3 Bxe5 17. dxe5 Ne7 18. Kd2 Nf5 19. Qe2 Bd7 20. a4 Rc8 21. g4
Ne7 22. Nxh7 Kxh7 23. h5 Bxa4 24. g5 Rxf4 25. g6+ Kg8 26. exf4 Nf5 27. Qa6 b5
28. Qxa7 Qe7 29. Qa6 Qd7 30. Qb6 d4 31. Ke1 d3 32. cxd3 exd3 33. Rxd3 Qe7 34.
Rd2 Rf8 35. c4 Bb3 36. Ra7 Qh4 37. Qxe6+ Kh8 38. Qc6 Qg4 39. cxb5 Qg1+ 40. Ke2
Ng3+ 41. Kf3 Nxh5 42. Rd4 Qe1 43. Qd6 Rxf4+ 44. Rxf4 Bd1+ 45. Qxd1 Qxd1+ 46.
Ke4 Qb1+ 47. Kd4 Qb4+ 0-1

[Event "Goldener Springer"]
[Site "FrankfurtIMain"]
[Date "2018.??.??"]
[Round "2.12"]
[White "Dolzhykova, Kateryna"]
[Black "Reichelt, Florian"]
[Result "1-0"]
[WhiteElo "2270"]
[BlackElo "1865"]
[PlyCount "31"]
[EventDate "2018.??.??"]
[BlackTeam "SC Butzbach"]

1. e4 c5 2. Nf3 d6 3. Bb5+ Nd7 4. Ba4 Ngf6 5. O-O Nxe4 6. Re1 Nef6 7. d4 cxd4
8. Nxd4 a6 9. Nc3 g6 10. Bf4 b5 11. Nc6 Qb6 12. Qxd6 e5 13. Rxe5+ Nxe5 14. Qxf6
Qxc6 15. Qxe5+ Be6 16. Nxb5 1-0

[Event "Goldener Springer"]
[Site "FrankfurtIMain"]
[Date "2018.??.??"]
[Round "2.13"]
[White "Gries, Volker"]
[Black "Orwatsch, Gerhard"]
[Result "1/2-1/2"]
[WhiteElo "2055"]
[BlackElo "2055"]
[PlyCount "27"]
[EventDate "2018.??.??"]
[WhiteTeam "SV Oberursel"]
[BlackTeam "SK Gießen"]

1. e4 g6 2. d4 Bg7 3. Nc3 c6 4. Nf3 d6 5. a4 a5 6. Bc4 e6 7. O-O Ne7 8. Bf4 O-O
9. Qd2 Na6 10. Bxa6 Rxa6 11. Bh6 Qc7 12. Rfe1 e5 13. Bxg7 Kxg7 14. h3 1/2-1/2

[Event "Goldener Springer"]
[Site "FrankfurtIMain"]
[Date "2018.??.??"]
[Round "2.14"]
[White "Chandler, Patrick"]
[Black "Reitz, Gerhard"]
[Result "1-0"]
[WhiteElo "2170"]
[BlackElo "1998"]
[PlyCount "37"]
[EventDate "2018.??.??"]
[WhiteTeam "SC Nied"]
[BlackTeam "SC Obertshausen"]

1. e4 e6 2. d4 d5 3. Nd2 c5 4. Ngf3 Nc6 5. exd5 exd5 6. dxc5 Bxc5 7. Nb3 Bd6 8.
Be2 Nge7 9. Bd2 O-O 10. O-O Qc7 11. Bc3 f6 12. g3 Bg4 13. Nfd4 Bd7 14. Nb5 Qb8
15. Nxd6 Qxd6 16. Qd2 Ne5 17. f4 Nc4 18. Bxc4 Qc5+ 19. Nxc5 1-0

[Event "Goldener Springer"]
[Site "FrankfurtIMain"]
[Date "2018.??.??"]
[Round "2.15"]
[White "Lange, Martin"]
[Black "Romero Flores, Antonio Cesar Feli"]
[Result "0-1"]
[WhiteElo "1826"]
[BlackElo "1884"]
[PlyCount "62"]
[EventDate "2018.??.??"]
[WhiteTeam "Sfr. Kelkheim"]
[BlackTeam "VSG Offenbach"]

1. e4 c5 2. Nf3 Nc6 3. d4 cxd4 4. Nxd4 g6 5. Nc3 Bg7 6. Be3 Nf6 7. f3 O-O 8.
Qd2 d5 9. Nxc6 bxc6 10. exd5 cxd5 11. O-O-O Qc7 12. Nxd5 Nxd5 13. Qxd5 Be6 14.
Qc5 Qb7 15. Qa3 Rab8 16. Bd4 Bh6+ 17. Kb1 a5 18. Bd3 Rfc8 19. Be5 a4 20. Bxb8
Rxb8 21. Rhe1 Bg7 22. c3 Qd5 23. Bxg6 Qa5 24. Bxf7+ Bxf7 25. Rc1 e6 26. Qd6 Qb5
27. Qb4 Qd3+ 28. Ka1 Rxb4 29. cxb4 Bxb2+ 30. Kxb2 a3+ 31. Ka1 Qd4+ 0-1

[Event "Goldener Springer"]
[Site "FrankfurtIMain"]
[Date "2018.??.??"]
[Round "2.16"]
[White "Henrich, David"]
[Black "Holzschuh, Gerald"]
[Result "1/2-1/2"]
[WhiteElo "2092"]
[BlackElo "2100"]
[PlyCount "42"]
[EventDate "2018.??.??"]
[WhiteTeam "Frankfurter TV"]
[BlackTeam "SVG Echzell"]

1. c4 Nf6 2. Nf3 d5 3. cxd5 Nxd5 4. Nc3 g6 5. g3 Bg7 6. Bg2 O-O 7. Qb3 Nxc3 8.
dxc3 c6 9. Be3 Qa5 10. O-O Nd7 11. a3 Qc7 12. Qb4 Ne5 13. Nxe5 Bxe5 14. Qh4 Be6
15. f4 Bf6 16. Qh6 Rad8 17. Rf2 b6 18. h3 Bg7 19. Qh4 Bf6 20. Qh6 Bg7 21. Qh4
Bf6 1/2-1/2

[Event "Goldener Springer"]
[Site "FrankfurtIMain"]
[Date "2018.??.??"]
[Round "2.17"]
[White "Dyga, Ryszard"]
[Black "Zalewski, Ulrich"]
[Result "0-1"]
[WhiteElo "1542"]
[BlackElo "1821"]
[PlyCount "110"]
[EventDate "2018.??.??"]
[WhiteTeam "SV Hofheim"]
[BlackTeam "Biebertaler SF"]

1. e4 e5 2. Nf3 Nc6 3. d4 exd4 4. Nxd4 Nf6 5. Nc3 Bb4 6. Nxc6 bxc6 7. Bd3 d5 8.
O-O O-O 9. e5 Ng4 10. Bf4 f6 11. exf6 Qxf6 12. Ne2 Ne5 13. c3 Bd6 14. Bg3 Nxd3
15. Qxd3 Bf5 16. Qd2 Rae8 17. Bxd6 cxd6 18. Nd4 Bd7 19. Rfe1 Re5 20. Re3 Qh6
21. Nf3 Rxe3 22. fxe3 Re8 23. Re1 Re4 24. Qf2 Rg4 25. Nd4 Rg6 26. Qf4 Qh5 27.
Rf1 Rf6 28. Qg3 Rxf1+ 29. Kxf1 Qf7+ 30. Ke2 c5 31. Nf3 Bb5+ 32. Kd2 Qf5 33. Kc1
Qe6 34. Qe1 Qg6 35. Qd2 Qd3 36. Qxd3 Bxd3 37. Ng5 h6 38. Ne6 Kf7 39. Nc7 Be4
40. g3 Ke7 41. Nb5 a6 42. Na3 Ke6 43. Nc2 Ke5 44. Ne1 a5 45. Kd2 Bb1 46. a3 a4
47. Nf3+ Ke4 48. Ne1 c4 49. Ng2 g5 50. g4 Kf3 51. h4 Kxg2 52. hxg5 hxg5 53. Ke1
Kf3 54. Kd2 Kxg4 55. Ke2 Kg3 0-1

[Event "Goldener Springer"]
[Site "FrankfurtIMain"]
[Date "2018.??.??"]
[Round "2.18"]
[White "Koch, Markus"]
[Black "Pessotschinski, Lars"]
[Result "1-0"]
[WhiteElo "2126"]
[BlackElo "1024"]
[PlyCount "81"]
[EventDate "2018.??.??"]
[WhiteTeam "SC Brett vorm Kopp"]
[BlackTeam "TuS Makkabi"]

1. d4 Nf6 2. c4 g6 3. f3 Nc6 4. e4 d6 5. Ne2 Bg7 6. Be3 O-O 7. Nbc3 e5 8. d5
Ne7 9. Qd2 Re8 10. g4 c6 11. Ng3 cxd5 12. cxd5 Nd7 13. h4 f6 14. h5 g5 15. h6
Bf8 16. Bb5 Ng6 17. Nf5 a6 18. Ba4 b5 19. Bb3 Nb8 20. O-O-O Bxf5 21. exf5 Nh4
22. Rh3 Bxh6 23. Rxh4 gxh4 24. Bxh6 Qc7 25. Kb1 Nd7 26. Ne4 Kf7 27. Rc1 Qb6 28.
Be3 Qb8 29. Rc6 Ke7 30. g5 Rf8 31. gxf6+ Nxf6 32. Bg5 h3 33. Bxf6+ Rxf6 34. Qg5
Qh8 35. Nxf6 Qxf6 36. Rc7+ Kd8 37. Qxf6+ Kxc7 38. Qe7+ Kb6 39. Qxd6+ Kb7 40.
Qc6+ Ka7 41. Qc7# 1-0

[Event "Goldener Springer"]
[Site "FrankfurtIMain"]
[Date "2018.??.??"]
[Round "2.19"]
[White "Baschin, Wolf Hajo"]
[Black "Lange, Lars"]
[Result "1/2-1/2"]
[WhiteElo "1743"]
[BlackElo "1835"]
[PlyCount "77"]
[EventDate "2018.??.??"]
[WhiteTeam "SVG Caissa Kassel"]
[BlackTeam "Sfr. Kelkheim"]

1. d4 Nf6 2. Nf3 g6 3. Bf4 Bg7 4. e3 O-O 5. Nbd2 d6 6. c3 c5 7. Bd3 Nc6 8. O-O
cxd4 9. exd4 e5 10. Be3 Re8 11. Qc2 Nd5 12. Rfe1 Nxe3 13. fxe3 Be6 14. Rad1 Rc8
15. Qb1 f5 16. e4 fxe4 17. Nxe4 exd4 18. Neg5 Qf6 19. cxd4 Nxd4 20. Nxd4 Qxd4+
21. Kh1 Qf6 22. Nxe6 Rxe6 23. Be4 Re7 24. Qd3 Rce8 25. Bd5+ Kh8 26. Rf1 Qe5 27.
g3 b6 28. b4 Qb2 29. Qd2 Re2 30. Qxb2 Rxb2 31. Rfe1 Rxe1+ 32. Rxe1 Be5 33. Bb3
a5 34. bxa5 bxa5 35. Rf1 Kg7 36. Rf7+ Kh6 37. Ra7 Rb1+ 38. Kg2 Rb2+ 39. Kh1
1/2-1/2

[Event "Goldener Springer"]
[Site "FrankfurtIMain"]
[Date "2018.??.??"]
[Round "2.20"]
[White "Feicht, Arno"]
[Black "Cherny, Andrey"]
[Result "0-1"]
[WhiteElo "1943"]
[BlackElo "2162"]
[PlyCount "54"]
[EventDate "2018.??.??"]
[WhiteTeam "SV Alsfeld"]
[BlackTeam "Kasseler SK"]

1. e4 c5 2. a3 Nf6 3. e5 Ng8 4. Bc4 Nc6 5. Nf3 d5 6. exd6 Qxd6 7. O-O Nf6 8.
Nc3 a6 9. b4 g5 10. Nxg5 Ne5 11. bxc5 Qxc5 12. Be2 Rg8 13. Na4 Qc6 14. d4 Bh3
15. f3 Bxg2 16. Kxg2 Rd8 17. c3 h6 18. Qb3 hxg5 19. dxe5 g4 20. Kf2 Nd5 21. c4
Qg6 22. cxd5 g3+ 23. hxg3 Qxg3+ 24. Ke3 Qxe5+ 25. Kd3 Rxd5+ 26. Kc2 Qxe2+ 27.
Kb1 Rb5 0-1

[Event "Goldener Springer"]
[Site "FrankfurtIMain"]
[Date "2018.??.??"]
[Round "2.21"]
[White "Pessotschinski, Eduard"]
[Black "Varma, Christopher"]
[Result "0-1"]
[WhiteElo "1367"]
[BlackElo "1809"]
[PlyCount "34"]
[EventDate "2018.??.??"]
[WhiteTeam "TuS Makkabi"]
[BlackTeam "SC Bad Nauheim"]

1. e4 e6 2. d4 d5 3. Nc3 Nf6 4. Bg5 Bb4 5. e5 h6 6. Bd2 Bxc3 7. Bxc3 Ne4 8. Bb4
c5 9. dxc5 Nxf2 10. Kxf2 Qh4+ 11. Ke3 Qxb4 12. Qd4 Qa5 13. b4 Qa3+ 14. Bd3 Nc6
15. Qg4 O-O 16. b5 Qxc5+ 17. Kd2 Nxe5 0-1

[Event "Goldener Springer"]
[Site "FrankfurtIMain"]
[Date "2018.??.??"]
[Round "3.1"]
[White "Kuban, Guenther"]
[Black "Adamczyk, Matthias"]
[Result "0-1"]
[WhiteElo "2109"]
[BlackElo "1817"]
[PlyCount "86"]
[EventDate "2018.??.??"]
[WhiteTeam "SV Oberursel"]
[BlackTeam "SC Weiterstadt"]

1. e4 c5 2. Nf3 e6 3. Be2 d5 4. exd5 exd5 5. O-O Nf6 6. d4 Nc6 7. Bg5 Be6 8.
Nc3 c4 9. b3 Bb4 10. Na4 b5 11. a3 Ba5 12. Nc5 O-O 13. Ne5 Rc8 14. Nb7 Qb6 15.
Nxa5 Nxa5 16. Bxf6 gxf6 17. Ng4 f5 18. Nf6+ Kg7 19. Nh5+ Kh8 20. b4 Nc6 21. c3
Qb8 22. a4 a6 23. axb5 axb5 24. Bf3 Rg8 25. Nf4 Qd6 26. Qd2 Ra8 27. g3 Ne7 28.
Rfe1 Rxa1 29. Rxa1 Ng6 30. Kf1 Qc6 31. Qe3 Qd6 32. Ra5 Nxf4 33. gxf4 Bd7 34.
Bh5 Re8 35. Qg3 Qe6 36. Ra1 Qe4 37. Bf3 Qd3+ 38. Kg2 Rg8 39. Bxd5 Rxg3+ 40.
hxg3 Be6 41. Bf3 Qxc3 42. Ra8+ Kg7 43. d5 Qxf3+ 0-1

[Event "Goldener Springer"]
[Site "FrankfurtIMain"]
[Date "2018.??.??"]
[Round "3.2"]
[White "Rutsatz, Mario"]
[Black "Rudolph, Peter"]
[Result "0-1"]
[WhiteElo "1993"]
[BlackElo "2095"]
[PlyCount "60"]
[EventDate "2018.??.??"]
[WhiteTeam "SF Frankfurt"]
[BlackTeam "SK Gießen"]

1. c4 c5 2. g3 Nc6 3. Bg2 g6 4. Nc3 Rb8 5. Nf3 Bg7 6. O-O a6 7. a4 e5 8. d3 d6
9. Ne1 Nge7 10. Nc2 Be6 11. Nd5 Bxd5 12. cxd5 Nd4 13. Nxd4 exd4 14. a5 O-O 15.
Bd2 Qd7 16. b4 cxb4 17. Bxb4 b5 18. axb6 Rxb6 19. Qa4 Qb7 20. Ba5 Rb5 21. Rfc1
Rc8 22. Rxc8+ Nxc8 23. Bd8 Rb1+ 24. Rxb1 Qxb1+ 25. Bf1 Qb5 26. Qc4 Nb6 27. Qxb5
axb5 28. Bxb6 b4 29. Bc5 dxc5 30. d6 b3 0-1

[Event "Goldener Springer"]
[Site "FrankfurtIMain"]
[Date "2018.??.??"]
[Round "3.3"]
[White "Sevall, Jacob"]
[Black "Geske, Julian"]
[Result "1/2-1/2"]
[WhiteElo "1979"]
[BlackElo "2401"]
[PlyCount "69"]
[EventDate "2018.??.??"]
[BlackTeam "Wiesbadener SV"]

1. e4 d5 2. exd5 Qxd5 3. Nc3 Qa5 4. Nf3 Nf6 5. Bc4 Bg4 6. O-O Nc6 7. h3 Bh5 8.
Bb5 Qb6 9. g4 Bg6 10. g5 Nd7 11. Nd5 Qa5 12. c3 O-O-O 13. a4 e6 14. b4 Nxb4 15.
cxb4 Bxb4 16. Nxb4 Qxb4 17. Bxd7+ Rxd7 18. d4 Bh5 19. Be3 e5 20. Qd2 Qxd2 21.
Nxd2 exd4 22. Bf4 Re8 23. Rfe1 Rde7 24. Rxe7 Rxe7 25. f3 Bg6 26. Kf2 b6 27. a5
Kb7 28. a6+ Kc8 29. Nc4 Bd3 30. Ne5 Bb5 31. h4 c5 32. Kg3 Be8 33. Nc4 Re6 34.
Nd6+ Kd8 35. Nb7+ 1/2-1/2

[Event "Goldener Springer"]
[Site "FrankfurtIMain"]
[Date "2018.??.??"]
[Round "3.4"]
[White "Calvi, Stefan"]
[Black "Pishanidar, Borzou"]
[Result "1-0"]
[WhiteElo "2081"]
[BlackElo "1860"]
[PlyCount "91"]
[EventDate "2018.??.??"]
[WhiteTeam "SF Frankfurt"]
[BlackTeam "SV Andernach"]

1. e4 e5 2. Nf3 Nc6 3. d4 exd4 4. Nxd4 Bc5 5. Nb3 Bb6 6. Nc3 Nf6 7. Qe2 d6 8.
Be3 O-O 9. O-O-O Bxe3+ 10. Qxe3 Re8 11. f3 a5 12. a4 Nb4 13. Qd2 Bd7 14. g4 Re7
15. g5 Ne8 16. Nd4 g6 17. h4 Ng7 18. Bc4 Ne6 19. h5 Nc6 20. Nxc6 bxc6 21. hxg6
fxg6 22. f4 Qf8 23. f5 gxf5 24. exf5 Qxf5 25. Bd3 Qf4 26. Ne4 Qxd2+ 27. Kxd2
Kg7 28. Rdg1 Nd4 29. Rg3 Bf5 30. Nf6 Bxd3 31. Kxd3 Nf5 32. Rxh7+ Kg6 33. Rxe7
Nxe7 34. Ne4 Rb8 35. b3 Rb4 36. Nd2 Nd5 37. Nc4 Nf4+ 38. Kd2 Rxc4 39. bxc4 Ne6
40. Rb3 Kxg5 41. Rb7 Kf6 42. Ra7 Ke7 43. Rxa5 Kd7 44. Ra8 c5 45. a5 Kc6 46. Rb8
1-0

[Event "Goldener Springer"]
[Site "FrankfurtIMain"]
[Date "2018.??.??"]
[Round "3.5"]
[White "Maam, Tsendjav"]
[Black "Dolzhykova, Kateryna"]
[Result "0-1"]
[WhiteElo "1855"]
[BlackElo "2270"]
[PlyCount "64"]
[EventDate "2018.??.??"]

1. e4 c5 2. Nf3 Nc6 3. c3 Nf6 4. Bd3 d5 5. e5 Ng4 6. Qe2 Qc7 7. Bb5 Bd7 8. d4
cxd4 9. cxd4 Nxd4 10. Bxd7+ Kxd7 11. Qd1 Nc2+ 12. Kf1 Nxa1 13. Qxd5+ Ke8 14.
Nc3 Rd8 15. Qe4 f5 16. Qe2 e6 17. h3 Nh6 18. g3 Qc6 19. Kg2 Nf7 20. Be3 g5 21.
Kh2 Nc2 22. Bxg5 Nd4 23. Nxd4 Rxd4 24. Be3 Rd7 25. f4 Bc5 26. Rc1 Bxe3 27. Qxe3
Qb6 28. Qe2 Ke7 29. g4 Rhd8 30. Rc2 Qd4 31. Qf3 Qd3 32. Qf2 Qxc2 0-1

[Event "Goldener Springer"]
[Site "FrankfurtIMain"]
[Date "2018.??.??"]
[Round "3.6"]
[White "Meyner, Hannes"]
[Black "Gries, Volker"]
[Result "1-0"]
[WhiteElo "2178"]
[BlackElo "2055"]
[PlyCount "25"]
[EventDate "2018.??.??"]
[WhiteTeam "TG Wehlheiden"]
[BlackTeam "SV Oberursel"]

1. d4 Nf6 2. c4 g6 3. Nc3 Bg7 4. e4 d6 5. Nf3 O-O 6. Be2 e5 7. Be3 exd4 8. Nxd4
Re8 9. f3 Nc6 10. Qd2 Nd7 11. h4 h5 12. O-O-O Nc5 13. Nxc6 1-0

[Event "Goldener Springer"]
[Site "FrankfurtIMain"]
[Date "2018.??.??"]
[Round "3.7"]
[White "Holzschuh, Gerald"]
[Black "Chandler, Patrick"]
[Result "1/2-1/2"]
[WhiteElo "2100"]
[BlackElo "2170"]
[PlyCount "96"]
[EventDate "2018.??.??"]
[WhiteTeam "SVG Echzell"]
[BlackTeam "SC Nied"]

1. e4 c5 2. c3 Nf6 3. e5 Nd5 4. d4 e6 5. Nf3 d6 6. Bc4 Nb6 7. dxc5 dxc5 8. O-O
Qxd1 9. Rxd1 Bd7 10. Na3 Nc6 11. Bb3 Na5 12. Bc2 h6 13. Be4 Be7 14. h3 O-O-O
15. Bf4 g5 16. Bh2 Na4 17. Rab1 Bc6 18. Rxd8+ Rxd8 19. Bxc6 bxc6 20. Kf1 Kc7
21. c4 h5 22. Ke1 g4 23. hxg4 hxg4 24. Nd2 Rh8 25. Bf4 Rh1+ 26. Nf1 Nb6 27. b3
Rh5 28. Ne3 Bg5 29. g3 Bxf4 30. gxf4 Nd7 31. Ke2 f5 32. exf6 Nxf6 33. Rg1 Rh4
34. Nb1 Nb7 35. Ng2 Rh2 36. Ne3 Rh4 37. Ng2 Rh8 38. Ne3 Rg8 39. Rh1 Nd6 40. Nc3
Nf5 41. Nxf5 exf5 42. Nd1 Re8+ 43. Ne3 Ne4 44. Rh7+ Kb6 45. Rf7 Nc3+ 46. Kd3
Ne4 47. Ke2 Nc3+ 48. Kd3 Ne4 1/2-1/2

[Event "Goldener Springer"]
[Site "FrankfurtIMain"]
[Date "2018.??.??"]
[Round "3.8"]
[White "Romero Flores, Antonio Cesar Feli"]
[Black "Drill, Frank"]
[Result "0-1"]
[WhiteElo "1884"]
[BlackElo "2014"]
[PlyCount "82"]
[EventDate "2018.??.??"]
[WhiteTeam "VSG Offenbach"]
[BlackTeam "SF Neuberg"]

1. e4 Nc6 2. Nc3 e6 3. d4 d5 4. e5 Bd7 5. f4 Nh6 6. Nf3 f6 7. Be3 Qe7 8. a3
O-O-O 9. Qd2 Be8 10. Bb5 Na5 11. Bd3 Bg6 12. Be2 Nc6 13. Na4 Qe8 14. b3 Be4 15.
Nc3 Nf5 16. Bf2 Qg6 17. g4 Qxg4 18. Ng5 Qxg5 19. fxg5 Bxh1 20. exf6 gxf6 21.
Bg4 fxg5 22. Bxf5 exf5 23. Qxg5 Kb8 24. Qh5 Bd6 25. Ke2 Rde8+ 26. Kd3 Be4+ 27.
Nxe4 dxe4+ 28. Kc4 e3 29. Re1 f4 30. b4 Re4 31. Bg1 Rxd4+ 32. Kc3 Re4 33. Kd3
Re7 34. c4 Rd8 35. Kc2 Nd4+ 36. Kb1 Re5 37. Qd1 Bf8 38. Qg4 Re4 39. Qh4 Rde8
40. Qxh7 Nf3 41. Rd1 e2 0-1

[Event "Goldener Springer"]
[Site "FrankfurtIMain"]
[Date "2018.??.??"]
[Round "3.10"]
[White "Orwatsch, Gerhard"]
[Black "Weiland, Thomas"]
[Result "1-0"]
[WhiteElo "2055"]
[BlackElo "1790"]
[PlyCount "115"]
[EventDate "2018.??.??"]
[WhiteTeam "SK Gießen"]
[BlackTeam "SV Oberursel"]

1. d4 f5 2. Bf4 Nf6 3. e3 g6 4. h3 Bg7 5. Nf3 d6 6. Bc4 c6 7. a4 a5 8. c3 Na6
9. Nbd2 Nc7 10. Qb3 d5 11. Be2 Ne6 12. Bh2 Ne4 13. Nxe4 fxe4 14. Ne5 O-O 15. c4
Kh8 16. cxd5 cxd5 17. Rc1 Ng5 18. Bf4 e6 19. O-O Nf7 20. Nxf7+ Rxf7 21. f3 exf3
22. Rxf3 g5 23. Bg3 Rxf3 24. Bxf3 Ra6 25. Bc7 Qe8 26. Be2 Rc6 27. Rxc6 Qxc6 28.
Bxa5 Qc1+ 29. Kh2 Qc6 30. Qb6 Qxb6 31. Bxb6 e5 32. b4 Kg8 33. Kg3 Bd7 34. a5
Kf7 35. a6 bxa6 36. Bxa6 h5 37. Bc5 Ke8 38. Bb7 Be6 39. b5 Kd7 40. b6 h4+ 41.
Kf2 Bf6 42. Ba6 exd4 43. exd4 Bd8 44. Bb5+ Kc8 45. Bc6 Bf7 46. Ke3 Be6 47. Kf3
Bf7 48. Kg4 Be6+ 49. Kh5 Bf7+ 50. Kh6 Be6 51. Kg7 g4 52. hxg4 Bxg4 53. Bxd5 h3
54. gxh3 Bxh3 55. Kf7 Kd7 56. b7 Bc7 57. Ba7 Kd6 58. Bc4 1-0

[Event "Goldener Springer"]
[Site "FrankfurtIMain"]
[Date "2018.??.??"]
[Round "3.11"]
[White "Makilla, Tobias"]
[Black "Koch, Markus"]
[Result "0-1"]
[WhiteElo "1943"]
[BlackElo "2126"]
[PlyCount "58"]
[EventDate "2018.??.??"]
[WhiteTeam "SC Hattersheim"]
[BlackTeam "SC Brett vorm Kopp"]

1. e4 c5 2. Nf3 d6 3. Bb5+ Bd7 4. Bxd7+ Qxd7 5. O-O Nf6 6. Re1 e6 7. c3 Nc6 8.
d4 cxd4 9. cxd4 d5 10. e5 Ne4 11. Nbd2 Nxd2 12. Bxd2 Be7 13. Rc1 O-O 14. Re3 f6
15. exf6 Rxf6 16. Ne5 Nxe5 17. Rxe5 Bd6 18. Re2 Raf8 19. Qb3 Qf7 20. f3 Qh5 21.
h3 Qh4 22. Rce1 Qxd4+ 23. Be3 Qh4 24. Bxa7 Qg3 25. Bf2 Qh2+ 26. Kf1 Qh1+ 27.
Bg1 Bc5 28. Rf2 Bxf2 29. Kxf2 Rg6 0-1